| 000 | 00480 a2200109 4500 | ||
|---|---|---|---|
| 001 | ART_51553 | ||
| 005 | 20260410162028.0 | ||
| 008 | 260409a | ||
| 245 | 1 | 0 | _aSustanciación de la prueba necesaria y de la entrevista personal por modos telemáticos en los procesos relativos al ejercicio de la capacidad jurídica en el marco de la pandemia del COVID-19 |
| 100 | 1 | _aScasserra, Selene I. | |
| 773 | 0 |
_tTemas de derecho procesal _g- N° 11 (nov. 2020) _wREV44095 |
|
| 999 |
_c33775 _d33775 |
||